00457 2200157 4500001002100000005001500021035002000036245009600056100002100152300002600173260004400199082000800243084001400251020002200265990001200287INLIS00000000000258120250605015119 a0010-06250001671 a9 Karakter Guru Efektif :bPanduan Praktis Untuk Pengembangan Diri Guru /cJacquie Turnbull0 aJacquie Turnbull a262 hlm ;c15 x 23 cm aJakarta :bEsensi Erlangga Group,c2013 a000 a000 JAC s a978-602-6847-06-5 a0754876